000 00638nam a2200229Ii 4500
003 JO-AjNU
008 230606s9999||||xx |||||||||||||| ||und||
017 _a1681/18
020 _a9960-717-43-3
040 _aJO-AjNU
_beng
_erda
_cJO-AjNU
041 _aeng
050 1 4 _aBP135 2004
100 3 _aMaujahid, Abdul Malik,
_eauthor
_93649
245 0 2 _aA day in the life of a muslim child
250 _a2nd Edition
264 3 1 _aRiyadh: Darussalam, 2004
300 _a64p
336 _atext
_btxt
_2rdacontent
337 _aunmediated
_bn
_2rdamedia
338 _avolume
_bnc
_2rdacarrier
650 4 _aIslam - General principls
_93650
999 _aE1903
_c1903
_d1903